000 00607nam a2200229Ia 4500
003 OSt
005 20220928145447.0
006 a|||||r|||| 00| 0
007 ta
008 220927b |||||||| |||| 00| 0 eng d
024 _a80641
037 _cTextual
040 _aSDCL
_cSDCL
_beng
041 _2eng
_aeng
082 _aV5'L2<-I5, K6
100 _aClark George
_9513008
245 0 _aEarly modern Europe from about forteen hundred fifty to seventeen hundred twenty
250 _a2
260 _c1966
942 _hV5'L2<-I5, K6
_cTEXL
_2CC
999 _c833659
_d833659